Normal view
MARC view
Entry Topical Term
001 - CONTROL NUMBER
- control field: 23618
003 - CONTROL NUMBER IDENTIFIER
- control field: OSt
005 - DATE AND TIME OF LATEST TRANSACTION
- control field: 20210319113103.0
008 - FIXED-LENGTH DATA ELEMENTS
- fixed length control field: 210319|| aca||aabn | a|a d
040 ## - CATALOGING SOURCE
- Original cataloging agency: OSt
- Transcribing agency: OSt
150 ## - HEADING--TOPICAL TERM
- Topical term or geographic name entry element: Employee
670 ## - SOURCE DATA FOUND
- Source citation: Work cat.: (OSt)515072: Shon, J, Porumbescu, G.A and Christensen, R.K. 23617, Can budget ambiguity crowd out intrinsic motivation? Longitudinal evidence from federal executive departments
